El mundo del Nuevo Testamento: perspectivas desde la antropología cultural

Uloženo v:
Podrobná bibliografie
Hlavní autor: Malina, Bruce J. (autor)
Médium: Kniha
Jazyk:španělština
Vydáno: Pamplona Verbo Divino 1995
Témata:
Tagy: Přidat tag
Žádné tagy, Buďte první, kdo vytvoří štítek k tomuto záznamu!

MARC

LEADER 00000cam a2200000 a 4500
001 UCS5902
003 CL-VaPUC
008 970906e19950000SP |||||||||||||||||spa|d
020 |a 8481690473 
082 0 4 |a 225  |b MAL  |2 21 
100 |a Malina, Bruce J.  |e autor  |9 596648 
245 1 3 |a El mundo del Nuevo Testamento: perspectivas desde la antropología cultural 
300 |a 240 p 
942 |c BK 
945 |d 19970906 00:00:00  |a aalvarez 
260 |a Pamplona  |b Verbo Divino  |c 1995 
650 0 |a Nuevo testamento  |9 257604 
650 0 |a Biblia  |9 257603 
650 0 |a Interpretación   |9 258846 
583 |a last modification  |c 20150508 09:55:44  |k Rodrigo Vera 
999 |c 262030  |d 262028 
952 |0 0  |1 0  |4 0  |6 225_000000000000000_MAL_1995  |7 0  |8 A  |9 290186  |a BIBTEO  |b BIBTEO  |d 2019-11-19  |i 3342220  |o 225 MAL 1995  |p 3342220  |r 2025-01-17  |w 2019-11-19  |y BK  |k ICR 
952 |0 0  |1 2  |4 0  |6 225_000000000000000_MAL_1995  |7 0  |8 A  |9 290187  |a BIBTEO  |b BIBTEO  |d 2019-11-19  |i 4050053  |o 225 MAL 1995  |p 4050053  |r 2019-11-19  |w 2019-11-19  |y BK  |k ICR 
952 |0 0  |1 0  |4 0  |6 225_000000000000000_MAL_1995  |7 0  |8 A  |9 290188  |a BIBTEO  |b BIBTEO  |d 2019-11-19  |i 4265440  |o 225 MAL 1995  |p 4265440  |r 2025-01-17  |w 2019-11-19  |y BK  |k ICR 
952 |0 0  |1 0  |3 erb  |4 0  |6 225_000000000000000_MAL_1995  |7 0  |8 A  |9 290189  |a BIBTEO  |b BIBTEO  |e Casale Rolle, Carlos Ignacio, -2014  |i 5173914  |o 225 MAL 1995  |p 5173914  |r 2025-01-17  |w 2019-11-19  |y BK  |z Catalogado en:20150514  |k ICR